Řád výkonu služby v jednotkách požární ochrany : sbírka interních aktů řízení generálního ředitele Hasičského záchranného sboru České republiky /

Gespeichert in:
Bibliographische Detailangaben
Weitere Verfasser: Hanuška, Zdeněk (Zusammenstellung)
Format: Buch
Sprache:Tschechisch
Veröffentlicht: Ostrava SPBI 2009
Ausgabe:1. vyd.
Schriftenreihe:Spektrum
Tags: Tag hinzufügen
Keine Tags, Fügen Sie das erste Tag hinzu!

MARC

LEADER 00000nam a22000003a 4500
001 0028804
003 SK-STU
005 20171212073559.5
007 ta
008 171212s ----xo-----e------000-0-----d
020 |a 978-80-7385-069-2 
040 |a STU  |b slo 
041 0 |a cze 
044 |a xr 
100 1 |a Hanuška, Zdeněk  |4 com 
245 1 0 |a Řád výkonu služby v jednotkách požární ochrany :  |b sbírka interních aktů řízení generálního ředitele Hasičského záchranného sboru České republiky /  |c zost. Zdeněk Hanuška 
250 |a 1. vyd. 
260 |a Ostrava  |b SPBI  |c 2009 
300 |a 245 s. 
490 0 |a Spektrum 
996 |b 284M087506  |c M* 14040-1  |l MMKN  |s A  |a 24  |w 0028804_0001